The Royal engineers (Record no. 553458)
[ view plain ]
| 000 -LEADER | |
|---|---|
| fixed length control field | 00273nam a22001097a 4500 |
| 082 ## - DEWEY DECIMAL CLASSIFICATION NUMBER | |
| Classification number | 358.0942 |
| Author Mark | ROY |
| 100 ## - MAIN ENTRY--PERSONAL NAME | |
| Personal name | Bart, B. Head |
| 9 (RLIN) | 50693 |
| 245 ## - TITLE STATEMENT | |
| Title | The Royal engineers |
| Statement of responsibility, etc. | Bart, B. Head |
| 526 ## - STUDY PROGRAM INFORMATION NOTE | |
| Program name | 0 |
| Interest level | 0 |
| Reading level | 0 |
| Title point value | 358_094200000000000_ROY |
| 650 ## - SUBJECT ADDED ENTRY--TOPICAL TERM | |
| Topical term or geographic name entry element | MCE |
| 9 (RLIN) | 379 |
| 942 ## - ADDED ENTRY ELEMENTS (KOHA) | |
| Source of classification or shelving scheme | |
| Koha item type | Book |
| Withdrawn status | Lost status | Source of classification or shelving scheme | Damaged status | Not for loan | Permanent Location | Current Location | Shelving location | Date acquired | Total Checkouts | Full call number | Barcode | Date last seen | Price effective from | Koha item type |
|---|---|---|---|---|---|---|---|---|---|---|---|---|---|---|
| Military College of Engineering (MCE) | Military College of Engineering (MCE) | 02/11/2015 | 358.0942 ROY | MCE-ECR/56 | 02/11/2015 | 02/11/2015 | Book |
